Statistics for Which One Doesn't Match? - Groups of Four

Click here to take the quiz!

General Stats

  • This quiz has been taken 771 times
  • The average score is 32 of 40

Answer Stats

QuestionTileSelect% Correct
American?Donald TrumpNo
98%
a main type of rock?sedimentaryNo
97%
American?Bill GatesNo
96%
a primary color (CYMK)CyanNo
95%
a main type of rock?igneousNo
95%
a primary color (CYMK)YellowNo
94%
of Greek origin?democracyNo
93%
a primary color (CYMK)MagentaNo
93%
assassinated?Franz FerdinandNo
92%
a Democratic president?Bill ClintonNo
91%
a winner of the FIFA World Cup?SpainNo
91%
assassinated?Grigori RasputinNo
90%
a winner of the FIFA World Cup?ItalyNo
90%
a member of the Commonwealth anymore?United KingdomNo
90%
a capital of South Africa?Cape TownNo
89%
a main type of rock?metamorphicNo
89%
a capital of South Africa?PretoriaNo
89%
a German bundesland?BrandenburgNo
88%
a member of the Commonwealth anymore?CanadaNo
88%
a Democratic president?Franklin D. RooseveltNo
87%
assassinated?William McKinleyNo
86%
a primary color (CYMK)KhakiYes
84%
a main type of rock?gneissYes
83%
a winner of the FIFA World Cup?UruguayNo
83%
a Democratic president?Lyndon B. JohnsonNo
77%
American?Jeff BezosNo
75%
of Greek origin?biologyNo
73%
a German bundesland?SaarlandNo
72%
a German bundesland?SaxonyNo
72%
American?Scrooge McDuckYes
70%
a capital of South Africa?BloemfonteinNo
68%
assassinated?Napoléon BonaparteYes
68%
a winner of the FIFA World Cup?NetherlandsYes
66%
a member of the Commonwealth anymore?IndiaNo
65%
of Greek origin?EuropeNo
60%
a Democratic president?Abraham LincolnYes
58%
a capital of South Africa?JohannesburgYes
48%
a member of the Commonwealth anymore?IrelandYes
45%
a German bundesland?VorarlbergYes
35%
of Greek origin?civilizationYes
27%

Score Distribution

Percentile by Number Answered

Percent of People with Each Score

Your Score History

You have not taken this quiz